A real headache (Record no. 80419)

MARC details
000 -LEADER
fixed length control field 00936cab a22002535a 4500
001 - CONTROL NUMBER
control field L144288
008 - FIXED-LENGTH DATA ELEMENTS--GENERAL INFORMATION
fixed length control field 080708e20080705xxka 000 0 eng d
035 ## - SYSTEM CONTROL NUMBER
System control number (Sirsi) u144288
041 0# - LANGUAGE CODE
Language code of text/sound track or separate title eng
100 1# - MAIN ENTRY--PERSONAL NAME
Personal name Cattell, Sophie
245 02 - TITLE STATEMENT
Title A real headache
260 ## - PUBLICATION, DISTRIBUTION, ETC.
Date of publication, distribution, etc. 2008
490 ## - SERIES STATEMENT
Series statement Estates Gazette
Volume/sequential designation (826) 5 July 2008, 112-113(2)
520 ## - SUMMARY, ETC.
Summary, etc. Discusses the stamp duty land tax (SDLT) treatment of leases that are held over under part II of the Landlord and Tenant Act 1954 - stating that many practicioners still find it to be a complicated area of legislation. Provides case studies for some typical scenarios.
590 ## - LOCAL NOTE (RLIN)
Local note KA
650 24 - SUBJECT ADDED ENTRY--TOPICAL TERM
Topical term or geographic name entry element STAMP DUTY LAND TAX
650 24 - SUBJECT ADDED ENTRY--TOPICAL TERM
Topical term or geographic name entry element LANDLORD AND TENANT ACT 1954 PART II
650 24 - SUBJECT ADDED ENTRY--TOPICAL TERM
Topical term or geographic name entry element FINANCE ACT 2006
650 24 - SUBJECT ADDED ENTRY--TOPICAL TERM
Topical term or geographic name entry element BRADSHAW V PAWLEY
651 #4 - SUBJECT ADDED ENTRY--GEOGRAPHIC NAME
Geographic name United Kingdom
Chronological subdivision
690 ## - LOCAL SUBJECT ADDED ENTRY--TOPICAL TERM (OCLC, RLIN)
Topical term or geographic name as entry element PROPERTY-PROPERTY TAXATION-STAMP DUTY LAND TAX
700 1# - ADDED ENTRY--PERSONAL NAME
Personal name Chapper, Jonathan
942 ## - ADDED ENTRY ELEMENTS (KOHA)
Suppress in OPAC 0
Holdings
Withdrawn status Lost status Source of classification or shelving scheme Damaged status Not for loan Home library Current library Shelving location Date acquired Total Checkouts Full call number Barcode Date last seen Copy number Price effective from Koha item type
    Dewey Decimal Classification     London London Journal article 08/07/2008   L144288 144288-1001 06/08/2019 1 06/08/2019 Journal article